Southville International School and Colleges
Your cart is empty.
  • Cart
  • Lists
    Public lists Eva Luna New books Lux_list list_1
    Your lists Log in to create your own lists
  • Log in to your account
  • Your cookies
  • Search history
Southville International School and Colleges
  • Advanced search
  • Recent comments
  • Most popular
  • Libraries

Log in to your account

Log in with GOOGLE


If you do not have an external account, but do have a local account, you can still log in:

  1. Home
  2. MARC view: Problem-solving and decision making :
Normal view MARC view ISBD view

Problem-solving and decision making : (Record no. 291134)

[ view plain ]
MARC details
000 -LEADER
fixed length control field 00632nam a2200229Ia 4500
008 - FIXED-LENGTH DATA ELEMENTS--GENERAL INFORMATION
fixed length control field 160303s9999 xx 000 0 und d
020 ## - INTERNATIONAL STANDARD BOOK NUMBER
International Standard Book Number 971-707-066-0
050 ## - LIBRARY OF CONGRESS CALL NUMBER
Classification number FIL HD 30.29
050 ## - LIBRARY OF CONGRESS CALL NUMBER
Item number .M38 1999
100 ## - MAIN ENTRY--PERSONAL NAME
Personal name Matias, Jesus N.
245 ## - TITLE STATEMENT
Title Problem-solving and decision making :
245 ## - TITLE STATEMENT
Remainder of title a systematic approach for engineers and technical supervisors /
245 ## - TITLE STATEMENT
Statement of responsibility, etc Jesus N. Matias.
260 ## - PUBLICATION, DISTRIBUTION, ETC. (IMPRINT)
Place of publication, distribution, etc Mandaluyong:
260 ## - PUBLICATION, DISTRIBUTION, ETC. (IMPRINT)
Name of publisher, distributor, etc National Book Store,
260 ## - PUBLICATION, DISTRIBUTION, ETC. (IMPRINT)
Date of publication, distribution, etc 1999
300 ## - PHYSICAL DESCRIPTION
Extent 171 pages :
300 ## - PHYSICAL DESCRIPTION
Other physical details illustrations ;
300 ## - PHYSICAL DESCRIPTION
Dimensions 18 cm.
500 ## - GENERAL NOTE
General note Includes index.
650 ## - SUBJECT ADDED ENTRY--TOPICAL TERM
Topical term or geographic name as entry element Problem solving.
Holdings
Withdrawn status Lost status Damaged status Home library Current library Shelving location Date acquired Cost, normal purchase price Total Checkouts Full call number Barcode Date last seen Price effective from Koha item type
      South Mansfield College South Mansfield College Filipiniana Section 03/07/2005 130.00   FIL HD 30.29 .M38 1999 SMC01589 03/03/2016 03/03/2016  

Problem-solving and decision making :

APA

Matias J. N., .Problem-solving and decision making. Mandaluyong: .

Chicago

Matias Jesus N, .Problem-solving and decision making. Mandaluyong: .

Harvard

Matias J. N., .Problem-solving and decision making. Mandaluyong: .

MLA

Matias Jesus N, .Mandaluyong: . .

  • Place hold
  • Print
  • Cite
  • Add to your cart (remove)
  • Save record
    BIBTEX Dublin Core MARCXML MARC (non-Unicode/MARC-8) MARC (Unicode/UTF-8) MARC (Unicode/UTF-8, Standard) MODS (XML) RIS
  • More searches
    Search for this title in:
    Other Libraries (WorldCat) Other Databases (Google Scholar) Online Stores (Bookfinder.com) Open Library (openlibrary.org)

Exporting to Dublin Core...

SOUTHVILLE LIBRARY

Southville International School and Colleges Library

1281 Tropical Ave. Cor. Luxembourg St., BF Homes International, Las Pinas City

Tel. No. 8256374 / 252358 Loc. 117/146

Powered by Koha